00399 a2200097 4500001001000000005001700010008004100027245011700068100001800185773009800203ART_4104920260410162017.0260409a 10aEl régimen de internaciones de niñas, niños y adolescentes en el Código Civil y Comercial de la Nación1 aOlmo, Juan P.0 tTemas de derecho de familia, sucesiones y bioéticag- Año 1, Nº 11 (nov. 2016)wREV41029